000 01348nam a22003977a 4500
001 0008700
003 KOHA_MİRAKIL
005 20260207001645.0
007 ta
008 091009b2008 tu |||gr||||#0|||0|eng |
020 _a9789751620408
040 _aTR-BiSEU
_btur
_cTR-BiSEU
_erda
041 0 _aeng
044 _ctu
050 _aDR435.A7
_bH35 2008
100 1 _aHalacoğlu, Yusuf.
245 1 4 _aThe story of 1915 what happened to the Ottoman Armenians?/
_cYusuf Halacoğlu ; Yusuf Halacoğlu.
264 1 _aAnkara :
_bTürk Tarih Kurumu
_c2008
300 _axii, 121, [32] sayfa: 1 katl. hrt. ;
_c24 cm.
336 _ametin
_btxt
_2rdacontent
337 _aaracısız
_bn
_2rdamedia
338 _acilt
_bnc
_2rdacarrier
490 1 _aAtatürk Supreme Council for Culture, Language and History.
490 1 _aPublications of Turkish Historical Society ;
_vSerial XVI-No.
490 1 _a113.
500 _aKaynakça ve dizin var.
505 _a
_x
650 0 _aArmenians--Turkey.
_914208
650 0 _aErmeni sorunu.
_99825
650 0 _aErmeniler-- Osmanlı İmparatorluğu--1915.
_921871
830 1 _aAtatürk Supreme Council for Culture, Language and History.
_921872
830 1 _aPublications of Turkish Historical Society ;
_vSerial XVI-No.
_912291
830 1 _a113.
_97846
907 _aTarih
942 _2lcc
_cBK
999 _c8672
_d8672